[Event "Run Silent, Run Deep"]
[Site "SchemingMind.com"]
[Date "2008.09.25"]
[Round "-"]
[White "lemmie"]
[Black "C. H. O'D. Schlechter"]
[Result "0-1"]
[WhiteCountry "NED"]
[BlackCountry "USA"]
[WhiteElo "1721"]
[WhiteRD "48"]
[BlackElo "2405"]
[BlackRD "74"]
[GameID "172010"]

1. e4 e5 2. Nf3 Nc6 3. Bc4 Bc5 4. d3 d6 5. Nc3 Nf6 6. Bg5 h6 7. Bxf6 Qxf6 8. Nd5 Qd8 9. a4 a5 10. c3 O-O
11. d4 exd4 12. cxd4 Ba7 13. O-O Bg4 14. Be2 Bxf3 15. Bxf3 Nxd4 16. h3 c6 17. Ne3 Bc5 18. Nc2 Ne6 19. Qe2 Re8 20. Rad1 Qh4
21. e5 Ng5 22. Bg4 h5 23. Bxh5 Nxh3+ 24. gxh3 Qg3+ 25. Kh1 Qxh3+ 26. Kg1 Qg3+ 27. Kh1 Qh4+ 28. Kg1 Rxe5
0-1

[Event "Run Silent, Run Deep"]
[Site "SchemingMind.com"]
[Date "2008.09.25"]
[Round "-"]
[White "C. H. O'D. Schlechter"]
[Black "lemmie"]
[Result "1-0"]
[WhiteCountry "USA"]
[BlackCountry "NED"]
[WhiteElo "2426"]
[WhiteRD "72"]
[BlackElo "1734"]
[BlackRD "47"]
[GameID "172019"]

1. e4 e5 2. Nf3 Nc6 3. Bc4 Bc5 4. O-O d6 5. b4 Bxb4 6. c3 Ba5 7. d4 exd4 8. cxd4 Nge7 9. Ng5 Be6 10. Bxe6 fxe6
11. Nxe6 Qd7 12. d5 Ne5 13. f4 Nf7 14. Bb2 Rg8 15. f5 Ne5 16. Bxe5 dxe5 17. Na3 Bb6+ 18. Kh1 Nc8 19. Nc4 Nd6 20. Nxe5 Qb5
21. Qh5+ Ke7 22. Qh4+ Ke8 23. Qxh7 Ke7 24. f6+
1-0

[Event "Run Silent, Run Deep"]
[Site "SchemingMind.com"]
[Date "2008.09.22"]
[Round "-"]
[White "Harold"]
[Black "aadaam"]
[Result "0-1"]
[WhiteCountry "GBR"]
[BlackCountry "INT"]
[WhiteElo "1634"]
[WhiteRD "100"]
[BlackElo "1761"]
[BlackRD "48"]
[GameID "172215"]

1. e4 e6 2. d4 d5 3. Nc3 Nf6 4. Bg5 Be7 5. e5 Nfd7 6. Bxe7 Qxe7 7. Nb5 Qd8 8. Qd2 a6 9. Nc3 c5 10. dxc5 Nxe5
11. O-O-O Nbc6 12. h3 Qa5 13. f4 d4 14. fxe5 dxc3 15. Qxc3 Qxc3 16. bxc3 Nxe5 17. g4 Bd7 18. Bg2 O-O-O 19. Rd6 Bc6 20. Ne2 Bxg2
21. Rh2 Rxd6 22. cxd6 Bd5 23. Kb2 Rd8
0-1

[Event "Run Silent, Run Deep"]
[Site "SchemingMind.com"]
[Date "2008.09.22"]
[Round "-"]
[White "aadaam"]
[Black "Harold"]
[Result "0-1"]
[WhiteCountry "INT"]
[BlackCountry "GBR"]
[WhiteElo "1761"]
[WhiteRD "48"]
[BlackElo "1634"]
[BlackRD "100"]
[GameID "172230"]

1. e4 e5 2. Nf3 Nc6 3. Bc4 Nf6 4. d3 Be7 5. c3 O-O 6. O-O d5 7. exd5 Nxd5 8. Re1 Bg4 9. Nbd2 Bc5 10. Ne4 Bb6
11. h3 Bh5 12. Ng3 Bg6 13. Nxe5 Nxe5 14. Rxe5 Qf6 15. Rxd5 Qxf2+ 16. Kh2 c6 17. Rd7 Rae8 18. d4 Re1 19. Qxe1 Qxe1 20. Rxb7 Rc8
21. h4 Bc7
0-1

[Event "Run Silent, Run Deep"]
[Site "SchemingMind.com"]
[Date "2008.09.27"]
[Round "-"]
[White "rodk"]
[Black "Austin Lockwood"]
[Result "1-0"]
[WhiteCountry "USA"]
[BlackCountry "ENG"]
[WhiteElo "1647"]
[WhiteRD "86"]
[BlackElo "1751"]
[BlackRD "99"]
[GameID "172499"]

1. Nf3 Nf6 2. g3 d5 3. Bg2 c6 4. O-O Bg4 5. d3 Nbd7 6. Nbd2 e5 7. e4 Bxf3 8. Nxf3 dxe4 9. dxe4 Bc5 10. Bg5 h6
11. Bxf6 Qxf6 12. c3 O-O-O 13. b4 Bb6 14. Qb3 Bc7 15. Rad1 Qe6 16. Qxe6 fxe6 17. Rd3 Rhf8 18. a4 Nf6 19. Rxd8+ Rxd8 20. Bh3 Nxe4
21. Bxe6+ Kb8 22. a5 Nxc3 23. Re1 e4 24. Nh4 Rd2 25. Nf5 Ne2+ 26. Kh1 Be5 27. Bc4 b5 28. Bxe2 Bc3 29. Bxb5 cxb5 30. Rxe4 Rxf2
31. Re8+ Kb7 32. Re7+ Kc8 33. Nd6+ Kd8 34. Rxa7 Bxb4 35. Nxb5 Rf5 36. Nd4 Rf6 37. Rxg7 Bxa5 38. Kg2
1-0

[Event "Run Silent, Run Deep"]
[Site "SchemingMind.com"]
[Date "2008.09.24"]
[Round "-"]
[White "Clive Everill"]
[Black "maro"]
[Result "1-0"]
[WhiteCountry "CZE"]
[BlackCountry "MEX"]
[WhiteElo "1686"]
[WhiteRD "47"]
[BlackElo "1320"]
[BlackRD "59"]
[GameID "172500"]

1. e4 e5 2. Nf3 Nc6 3. Bb5 Nge7 4. c3 d5 5. Nxe5 Bd7 6. Nxd7 Qxd7 7. exd5 Nxd5 8. O-O O-O-O 9. d4 a6 10. Be2 Bd6
11. f4 Qf5 12. Bg4 Qe6 13. Bxe6+ fxe6 14. Qg4 Rhe8 15. Qxg7 Re7 16. Qg4 Kb8 17. Na3 e5 18. fxe5 Bxa3 19. bxa3 b5 20. Rb1 Nxc3
21. Rb3 Nd5 22. Bd2 Rh8 23. a4 h5 24. Qg6 Nxd4 25. Rd3 Ne2+ 26. Kh1 Rxe5 27. Qg7 Rhe8 28. Ba5 b4 29. Qd7 Rc8 30. Rxd5
1-0

[Event "Run Silent, Run Deep"]
[Site "SchemingMind.com"]
[Date "2008.09.24"]
[Round "-"]
[White "tyler199"]
[Black "lucho-sc"]
[Result "1-0"]
[WhiteCountry "CAN"]
[BlackCountry "URU"]
[WhiteElo "1633"]
[WhiteRD "53"]
[BlackElo "1181"]
[BlackRD "87"]
[GameID "172501"]

1. e4 e5 2. Nf3 Nf6 3. Nxe5 Nxe4 4. Qe2 d5 5. d3 Bd6 6. Nf3 h6 7. dxe4 Qe7 8. exd5 Bb4+ 9. c3 Bc5 10. Qxe7+ Bxe7
11. Bb5+ Bd7 12. Bxd7+ Nxd7 13. Bf4 O-O-O 14. Nbd2 Rhe8 15. O-O-O Nc5 16. c4 Nd3+ 17. Kb1 Nxf4 18. Nb3 c6 19. dxc6 Rd6 20. cxb7+ Kxb7
21. Rxd6 Bxd6 22. g3 Nd3 23. Rd1 Nc5 24. Nxc5+ Bxc5 25. Rd7+ Kb6 26. Rxf7 Rf8 27. Rxf8 Bxf8 28. a3 Bc5 29. b4 Bxf2 30. Kc2 g5
31. g4 Be3 32. Kd3 Bc1 33. a4 Ba3 34. c5+ Kc6 35. Kc4 h5 36. gxh5 g4 37. Ne5+
1-0

[Event "Run Silent, Run Deep"]
[Site "SchemingMind.com"]
[Date "2008.09.24"]
[Round "-"]
[White "Austin Lockwood"]
[Black "rodk"]
[Result "1-0"]
[WhiteCountry "ENG"]
[BlackCountry "USA"]
[WhiteElo "1751"]
[WhiteRD "99"]
[BlackElo "1647"]
[BlackRD "86"]
[GameID "172516"]

1. e4 c5 2. Nf3 d6 3. d4 cxd4 4. Nxd4 a6 5. Nc3 e6 6. Be2 Nf6 7. O-O Be7 8. Be3 O-O 9. f4 e5 10. fxe5 dxe5
11. Nf5 Bb4 12. Nh6+ Kh8 13. Nxf7+ Rxf7 14. Qxd8+
1-0

[Event "Run Silent, Run Deep"]
[Site "SchemingMind.com"]
[Date "2008.09.24"]
[Round "-"]
[White "maro"]
[Black "Clive Everill"]
[Result "0-1"]
[WhiteCountry "MEX"]
[BlackCountry "CZE"]
[WhiteElo "1320"]
[WhiteRD "59"]
[BlackElo "1686"]
[BlackRD "47"]
[GameID "172517"]

1. e3 e5 2. d4 Qe7 3. Be2 exd4 4. exd4 d5 5. Nf3 Bg4 6. Ne5 Bxe2 7. Qxe2 f6 8. O-O fxe5 9. dxe5 Nc6 10. Bf4 O-O-O
11. Nc3 g5 12. Qg4+ Kb8 13. Bg3 h5 14. Qf3 h4 15. Nxd5 Qc5 16. Rad1 hxg3 17. hxg3 Nxe5 18. Qf5 Ne7 19. Qxe5 Ng6 20. Qxh8 Nxh8
0-1

[Event "Run Silent, Run Deep"]
[Site "SchemingMind.com"]
[Date "2008.09.24"]
[Round "-"]
[White "lucho-sc"]
[Black "tyler199"]
[Result "0-1"]
[WhiteCountry "URU"]
[BlackCountry "CAN"]
[WhiteElo "1181"]
[WhiteRD "87"]
[BlackElo "1633"]
[BlackRD "53"]
[GameID "172518"]

1. e4 e6 2. f3 d5 3. d4 dxe4 4. fxe4 Qh4+ 5. g3 Qxe4+ 6. Qe2 Qxh1 7. Qg2 Qxg2 8. Bxg2 c5 9. Be3 Nf6 10. Nc3 Bd7
11. O-O-O Bc6 12. Bxc6+ Nxc6 13. dxc5 Nd7 14. Nf3 Bxc5 15. Bg5 f6 16. Bf4 e5 17. Nb5 Bb6 18. Nd6+ Ke7 19. Rd5 exf4 20. gxf4 Ke6
21. Rd3 Nc5 22. Rd2 Rhd8 23. f5+ Ke7 24. Rd5 Rxd6
0-1

[Event "Run Silent, Run Deep"]
[Site "SchemingMind.com"]
[Date "2008.09.26"]
[Round "-"]
[White "MazetaFighter"]
[Black "z"]
[Result "1-0"]
[WhiteCountry "GRE"]
[BlackCountry "IRQ"]
[WhiteElo "2038"]
[WhiteRD "74"]
[BlackElo "1779"]
[BlackRD "62"]
[GameID "172698"]

1. e4 b6 2. d4 e6 3. Nf3 Bb7 4. Bd3 c5 5. O-O Nf6 6. e5 Nd5 7. Be4 cxd4 8. Qxd4 Qc7 9. c4 Ne7 10. Nc3 Nec6
11. Nb5 Qc8 12. Nd6+ Bxd6 13. Qxd6 Na6 14. Bg5 Qc7 15. Bxc6 Qxd6 16. exd6 Bxc6 17. Nd4 f6 18. Nxc6 dxc6 19. Be3 Kd7 20. Rfd1 e5
21. a3 c5 22. f4 Rad8 23. fxe5 fxe5 24. Bg5 Nb8 25. Bxd8 Rxd8 26. b4 Nc6 27. bxc5 bxc5 28. Rab1 Na5 29. Rb5 Nxc4 30. Rb7+ Ke6
31. Rxa7 Rxd6 32. Rxd6+ Nxd6 33. Rxg7 c4 34. Kf2 c3 35. Ke2 e4 36. Rxh7 Kd5 37. Rh3 Kd4 38. g4 Nc4 39. Rg3 c2 40. Rg1 Kc3
41. g5 Ne5 42. g6 Nxg6 43. Rxg6
1-0

[Event "Run Silent, Run Deep"]
[Site "SchemingMind.com"]
[Date "2008.09.26"]
[Round "-"]
[White "z"]
[Black "MazetaFighter"]
[Result "1/2-1/2"]
[WhiteCountry "IRQ"]
[BlackCountry "GRE"]
[WhiteElo "1779"]
[WhiteRD "62"]
[BlackElo "2038"]
[BlackRD "74"]
[GameID "172705"]

1. b4 e5 2. Bb2 Bxb4 3. Bxe5 Nf6 4. a3 Ba5 5. c4 Nc6 6. Bc3 Bxc3 7. Nxc3 d5 8. cxd5 Nxd5 9. Qc2 O-O 10. e3 Re8
11. Nf3 Be6 12. Be2 a6 13. O-O Nxc3 14. Qxc3 Qd5 15. Rab1 Rad8 16. Rfc1 h6 17. Bxa6 bxa6 18. Qxc6 Qxc6 19. Rxc6 Bd5 20. Rxc7 Bxf3
21. gxf3 Rxd2 22. Rbb7 Rf8 23. Rc6 Ra8 24. Rbb6 Ra2 25. Rxa6 Rxa3 26. Rxa3 Rxa3 27. Rc8+ Kh7 28. Kg2 g5 29. Kg3 Ra4 30. Re8 Kg6
31. Re4 Ra2 32. f4 Ra1 33. Kg2 f6 34. fxg5 hxg5 35. h4 Ra5 36. hxg5 Rxg5+= 37. Kf3 f5 38. Re6+ Kf7 39. Kf4 Rg2 40. Kf3 Rxf2+=
41. Kxf2 Kxe6 42. Kg3 Ke5 43. Kf3 Kd5 44. Kf4 Ke6 45. Kg5 Ke5 46. Kg6 f4 47. exf4+ Kxf4
1/2-1/2

[Event "Run Silent, Run Deep"]
[Site "SchemingMind.com"]
[Date "2008.09.26"]
[Round "-"]
[White "jl1234"]
[Black "PackoJones1000"]
[Result "0-1"]
[WhiteCountry "POL"]
[BlackCountry "ESP"]
[WhiteElo "1776"]
[WhiteRD "69"]
[BlackElo "2219"]
[BlackRD "118"]
[GameID "172824"]

1. d4 Nf6 2. Nc3 d5 3. Nf3 g6 4. g3 Bf5 5. Bg2 e6 6. O-O Nbd7 7. Bg5 h6 8. Bf4 g5 9. Be5 c6 10. e3 Nxe5
11. dxe5 Nd7 12. Nd4 Nxe5 13. f4 Bg4 14. Qc1 gxf4 15. exf4 Qb6 16. fxe5 Qxd4+ 17. Kh1 Qxe5 18. Re1 Qg7 19. Qf4 O-O-O 20. Rf1 h5
21. Qxf7 Qxf7 22. Rxf7 h4 23. gxh4 Rxh4 24. Bf3 Bf5 25. Ne2 Bd6 26. Rf1 Rxh2+
0-1

[Event "Run Silent, Run Deep"]
[Site "SchemingMind.com"]
[Date "2008.09.26"]
[Round "-"]
[White "PackoJones1000"]
[Black "jl1234"]
[Result "1-0"]
[WhiteCountry "ESP"]
[BlackCountry "POL"]
[WhiteElo "2219"]
[WhiteRD "118"]
[BlackElo "1776"]
[BlackRD "69"]
[GameID "172836"]

1. e4 c5 2. Nf3 d6 3. d4 Nf6 4. Nc3 cxd4 5. Nxd4 e5 6. Nf3 a6 7. Bc4 h6 8. O-O Be7 9. Be3 Bd7 10. h3 O-O
11. Nh4 Kh8 12. Qf3 Nh7 13. Nf5 Ng5 14. Bxg5 Bxg5 15. Nxd6
1-0

[Event "Run Silent, Run Deep"]
[Site "SchemingMind.com"]
[Date "2008.09.29"]
[Round "-"]
[White "wzeller"]
[Black "Mihir Naniwadekar"]
[Result "0-1"]
[WhiteCountry "USA"]
[BlackCountry "ENG"]
[WhiteElo "1930"]
[WhiteRD "101"]
[BlackElo "1949"]
[BlackRD "92"]
[GameID "172990"]

1. d4 Nf6 2. c4 c5 3. d5 b5 4. cxb5 a6 5. b6 e6 6. Nc3 Nxd5 7. Nxd5 exd5 8. Qxd5 Nc6 9. Nf3 Rb8 10. e4 Be7
11. Bc4 O-O 12. Bd2 Rxb6 13. O-O d6 14. Qd3 Bg4 15. Bc3 Bxf3 16. gxf3 Ne5 17. Qe2 Qc8 18. Kg2 Nxc4 19. Qxc4 d5 20. Qxd5 Rg6+
21. Kh1 Qh3
0-1

[Event "Run Silent, Run Deep"]
[Site "SchemingMind.com"]
[Date "2008.09.29"]
[Round "-"]
[White "Mihir Naniwadekar"]
[Black "wzeller"]
[Result "1/2-1/2"]
[WhiteCountry "ENG"]
[BlackCountry "USA"]
[WhiteElo "1949"]
[WhiteRD "92"]
[BlackElo "1930"]
[BlackRD "101"]
[GameID "172999"]

1. Nf3 Nf6 2. c4 g6 3. g3 Bg7 4. Bg2 d5 5. d4 dxc4 6. Qa4+ Nfd7 7. Qxc4 Nb6 8. Qb5+ Bd7 9. Qb3 Nc6 10. e3 Be6
11. Qd1 Bc4 12. Bf1 Bxf1 13. Kxf1 e5 14. Kg2 O-O 15. dxe5 Qe7 16. Nc3 Rad8 17. Qc2 Nxe5 18. Nxe5 Bxe5 19. Bd2 g5 20. Rad1 Rd6
21. Ne4 Rh6 22. Bc3 c6 23. Bxe5 Qxe5 24. Nc5 Qe7 25. Qf5= Nd5 26. Ne4 Rg6 27. h4 gxh4 28. Rxh4 Qxh4 29. Qxg6+ hxg6 30. gxh4 Kg7
31. a3 a5 32. Kf3 Re8 33. Nd6 Re7 34. Ne4 b5 35. Nc3 Nxc3 36. bxc3 c5 37. Rb1 Rb7 38. Ke4 b4 39. cxb4 cxb4 40. axb4 axb4
41. Kd5 Kh6 42. Kc6 Rb8=
1/2-1/2

[Event "Run Silent, Run Deep"]
[Site "SchemingMind.com"]
[Date "2008.10.08"]
[Round "-"]
[White "Zugzwang"]
[Black "toguints"]
[Result "0-1"]
[WhiteCountry "CAN"]
[BlackCountry "PHI"]
[WhiteElo "1487"]
[WhiteRD "60"]
[BlackElo "1497"]
[BlackRD "83"]
[GameID "173564"]

1. d4 d5 2. Nf3 Bg4 3. Ne5 Bc8 4. e3 Nd7 5. Nxf7 Kxf7 6. Bd3 Ngf6 7. Nd2 e5 8. O-O e4 9. Be2 Bd6 10. f4 Re8
11. g4 Nb6 12. g5 Nfd7 13. h4 g6 14. h5 Nf8 15. Rf2 Ne6 16. Nf1 Kg8 17. f5 Nxg5 18. Kg2 Nd7 19. fxg6 h6 20. Nh2 Bxh2
21. Kxh2 Nf6 22. Qf1 Bg4 23. Rxf6 Bxe2 24. Qf5 Bxh5 25. g7 Kxg7 26. Bd2 Qxf6
0-1

[Event "Run Silent, Run Deep"]
[Site "SchemingMind.com"]
[Date "2008.10.08"]
[Round "-"]
[White "toguints"]
[Black "Zugzwang"]
[Result "1-0"]
[WhiteCountry "PHI"]
[BlackCountry "CAN"]
[WhiteElo "1497"]
[WhiteRD "83"]
[BlackElo "1487"]
[BlackRD "60"]
[GameID "173578"]

1. d4 f5 2. g3 e6 3. Nf3 Nf6 4. Bg2 Be7 5. O-O O-O 6. Nc3 c6 7. b3 d5 8. Bb2 Bd7 9. Ne5 Be8 10. e3 Bh5
11. f3 Nbd7 12. Nxd7 Qxd7 13. Bh3 Qc7 14. Ne2 Bd6 15. Qe1 Nd7 16. Nf4 Bxf4 17. exf4 Rf6 18. Ba3 Rh6 19. Qe2 Bxf3 20. Rxf3 Rxh3
21. Qxe6+ Kh8 22. Qxf5 Nf6 23. Qxh3 Re8 24. c4 Ne4 25. Re1
1-0

[Event "Run Silent, Run Deep"]
[Site "SchemingMind.com"]
[Date "2008.10.06"]
[Round "-"]
[White "neoliminal"]
[Black "simon_w"]
[Result "0-1"]
[WhiteCountry "CRC"]
[BlackCountry "IRL"]
[WhiteElo "1345"]
[WhiteRD "101"]
[BlackElo "1859"]
[BlackRD "71"]
[GameID "173708"]

1. Nc3 d5 2. e4 Nf6 3. e5 Ne4 4. Nxe4 dxe4 5. Qe2 Nd7 6. Qxe4 Nc5 7. Qe3 e6 8. b4 Nd7 9. Ba3 a5 10. b5 Bxa3
11. Qxa3 Nxe5 12. Bd3 Qf6 13. Ne2 Nxd3+ 14. cxd3 Qxa1+ 15. Nc1 Qe5+ 16. Ne2 b6 17. O-O Qxe2 18. Qc1 Qe5 19. Re1 Qd6
0-1

[Event "Run Silent, Run Deep"]
[Site "SchemingMind.com"]
[Date "2008.10.06"]
[Round "-"]
[White "simon_w"]
[Black "neoliminal"]
[Result "1-0"]
[WhiteCountry "IRL"]
[BlackCountry "CRC"]
[WhiteElo "1859"]
[WhiteRD "71"]
[BlackElo "1345"]
[BlackRD "101"]
[GameID "173716"]

1. e4 e6 2. d4 d6 3. Nf3 f6 4. e5 g6 5. Bd3 f5 6. exd6 Bxd6 7. O-O Nf6 8. h3 h5 9. Re1 Ng4 10. Bg5 Be7
11. Bxe7 Qxe7 12. d5 c6 13. dxe6 Bxe6 14. Bc4 Nxf2 15. Kxf2 Qc5+ 16. Qd4 Nd7 17. Rxe6+
1-0

[Event "Run Silent, Run Deep"]
[Site "SchemingMind.com"]
[Date "2008.10.05"]
[Round "-"]
[White "Chessic"]
[Black "JasonY1982"]
[Result "0-1"]
[WhiteCountry "INT"]
[BlackCountry "USA"]
[WhiteElo "1508"]
[WhiteRD "204"]
[BlackElo "2072"]
[BlackRD "68"]
[GameID "173777"]

1. e4 c5 2. Nf3 d6 3. d4 cxd4 4. Nxd4 Nf6 5. Nc3 a6 6. Be2 e5 7. Nb3 Be7 8. O-O O-O 9. Bg5 Nbd7 10. Nd5 Nxd5
11. Bxe7 Nxe7
0-1

[Event "Run Silent, Run Deep"]
[Site "SchemingMind.com"]
[Date "2008.10.05"]
[Round "-"]
[White "JasonY1982"]
[Black "Chessic"]
[Result "1-0"]
[WhiteCountry "USA"]
[BlackCountry "INT"]
[WhiteElo "2072"]
[WhiteRD "68"]
[BlackElo "1508"]
[BlackRD "204"]
[GameID "173786"]

1. e4 e5 2. Nf3 Nc6 3. Bb5 a6 4. Ba4 Nf6 5. O-O Be7 6. Re1 b5 7. Bb3 O-O 8. c3 d5 9. exd5 Nxd5 10. Nxe5 Nxe5
11. Rxe5 Nf4 12. d4 Ng6 13. Re1 Bb7 14. Nd2 c5 15. dxc5 Bxc5 16. Ne4 Qxd1 17. Bxd1 Rfe8 18. Bc2 f5 19. Be3 Bxe3 20. Nd6 Bxf2+
21. Kxf2 Rxe1 22. Rxe1 Bd5 23. Nxf5 Rf8 24. Kg3 Bxa2 25. b3 Kh8 26. Nd4 Rc8 27. Kf2 Nf4 28. Ra1
1-0

[Event "Run Silent, Run Deep"]
[Site "SchemingMind.com"]
[Date "2008.10.08"]
[Round "-"]
[White "pawngrabber"]
[Black "mily3city"]
[Result "1-0"]
[WhiteCountry "ENG"]
[BlackCountry "POL"]
[WhiteElo "1884"]
[WhiteRD "81"]
[BlackElo "1399"]
[BlackRD "172"]
[GameID "174041"]

1. d4 Nf6 2. c4 d5 3. cxd5 Nxd5 4. e4 Nf6 5. Nc3 e6 6. Nf3 Bb4 7. Bd3 O-O 8. O-O b6 9. e5 Nd5 10. Nxd5 Qxd5
11. Qc2 Nc6 12. Bxh7+
1-0

[Event "Run Silent, Run Deep"]
[Site "SchemingMind.com"]
[Date "2008.10.08"]
[Round "-"]
[White "mily3city"]
[Black "pawngrabber"]
[Result "0-1"]
[WhiteCountry "POL"]
[BlackCountry "ENG"]
[WhiteElo "1399"]
[WhiteRD "172"]
[BlackElo "1884"]
[BlackRD "81"]
[GameID "174046"]

1. e4 d6 2. d4 Nf6 3. Nc3 g6 4. Bd3 Bg7 5. Nge2 e5 6. dxe5 dxe5 7. Bg5 O-O 8. O-O Be6 9. Qd2 Nc6 10. Rad1 Qe8
11. f4 Rd8 12. fxe5 Ng4 13. Bxd8 Qxd8
0-1

[Event "Run Silent, Run Deep"]
[Site "SchemingMind.com"]
[Date "2008.10.09"]
[Round "-"]
[White "twotone"]
[Black "mmccaffe"]
[Result "0-1"]
[WhiteCountry "ENG"]
[BlackCountry "USA"]
[WhiteElo "1493"]
[WhiteRD "77"]
[BlackElo "1594"]
[BlackRD "56"]
[GameID "174227"]

1. d4 Nf6 2. b3 g6 3. Nc3 Bg7 4. e4 d6 5. h3 O-O 6. Be3 Nbd7 7. Nf3 e5 8. Qc1 Re8 9. Bh6 exd4 10. Nxd4 Nxe4
11. Bxg7 Nxc3+ 12. Kd2 Ne4+ 13. Ke1 Kxg7 14. Qb2 Nec5+ 15. Be2 Qf6 16. c3 Nd3+ 17. Kd2 Nxb2 18. Kc2 Qxf2 19. Rae1 a6 20. Kxb2 c5
21. Ref1 Rxe2+ 22. Kc1 Qe3+ 23. Kb1 cxd4 24. cxd4 Qd2
0-1

[Event "Run Silent, Run Deep"]
[Site "SchemingMind.com"]
[Date "2008.10.09"]
[Round "-"]
[White "mmccaffe"]
[Black "twotone"]
[Result "1-0"]
[WhiteCountry "USA"]
[BlackCountry "ENG"]
[WhiteElo "1594"]
[WhiteRD "56"]
[BlackElo "1493"]
[BlackRD "77"]
[GameID "174240"]

1. e4 e6 2. d4 d5 3. Nc3 Be7 4. e5 c5 5. f4 a6 6. a4 Nh6 7. h3 f6 8. Nf3 O-O 9. Be3 Nd7 10. Be2 Nb8
11. dxc5 Nc6 12. Nd4 Nf7 13. Qd2 fxe5 14. fxe5 Nfxe5 15. Nxc6 Nxc6 16. O-O-O Bf6 17. g4 d4 18. Ne4 dxe3 19. Nxf6+ Rxf6 20. Qxd8+ Nxd8
21. Rxd8+ Kf7 22. Rd3 e5 23. Rxe3 Re6 24. Bc4 Ke7 25. Bxe6 Kxe6 26. Rhe1 Bd7 27. Rxe5+ Kf6 28. g5+ Kg6 29. h4 Bxa4 30. h5+ Kxh5
31. Re7 Rc8 32. b4 Rc6 33. Rxb7 h6 34. Rxg7 a5 35. Rh1+ Kg4 36. gxh6+ Kf5 37. h7 axb4 38. h8=Q
1-0

[Event "Run Silent, Run Deep"]
[Site "SchemingMind.com"]
[Date "2008.10.20"]
[Round "-"]
[White "MichaelDV"]
[Black "tyler199"]
[Result "1-0"]
[WhiteCountry "SWE"]
[BlackCountry "CAN"]
[WhiteElo "2359"]
[WhiteRD "67"]
[BlackElo "1687"]
[BlackRD "56"]
[GameID "175290"]

1. e4 e6 2. d4 d5 3. Nc3 Nf6 4. e5 Nfd7 5. f4 c5 6. Nf3 Nc6 7. Be3 cxd4 8. Nxd4 Bc5 9. Qd2 Nxd4 10. Bxd4 Bxd4
11. Qxd4 Qb6 12. O-O-O Qxd4 13. Rxd4 Nc5 14. b4 Na6 15. Nb5 Ke7 16. a3 Bd7 17. Nd6 Rab8 18. Nxb7 Rxb7 19. Bxa6 Rc7 20. Kb2 Bc8
21. Be2 Bb7 22. Rc1 Rhc8= 23. g3 f5 24. c4 dxc4 25. Rdxc4 Rxc4 26. Rxc4 Rxc4 27. Bxc4 Be4 28. a4 Kd7 29. Kc3 Ke7 30. Kd4 Kd7
31. Kc5 Ke7 32. Bb5 Bd5 33. Bc6 Ba2 34. b5 Bb1 35. a5 Kd8 36. Kd6
1-0

[Event "Run Silent, Run Deep"]
[Site "SchemingMind.com"]
[Date "2008.10.21"]
[Round "-"]
[White "tyler199"]
[Black "MichaelDV"]
[Result "0-1"]
[WhiteCountry "CAN"]
[BlackCountry "SWE"]
[WhiteElo "1687"]
[WhiteRD "56"]
[BlackElo "2359"]
[BlackRD "67"]
[GameID "175303"]

1. d4 d5 2. c4 e6 3. Nc3 c6 4. cxd5 exd5 5. Bf4 Bd6 6. Bxd6 Qxd6 7. Nf3 Ne7 8. e3 Bf5 9. Bd3 Nd7 10. Bxf5 Nxf5
11. Qd3 Qg6 12. O-O-O O-O 13. Ne2 Qf6 14. Ng3 Nd6 15. h4 Rfe8 16. Ng5 g6 17. f4 h6 18. Nf3 Ne4 19. Ne2 Nf2
0-1

[Event "Run Silent, Run Deep"]
[Site "SchemingMind.com"]
[Date "2008.10.20"]
[Round "-"]
[White "simon_w"]
[Black "Mihir Naniwadekar"]
[Result "1-0"]
[WhiteCountry "IRL"]
[BlackCountry "ENG"]
[WhiteElo "1900"]
[WhiteRD "71"]
[BlackElo "1744"]
[BlackRD "72"]
[GameID "175419"]

1. e4 e5 2. Nf3 Nf6 3. d4 Nxe4 4. Bd3 d5 5. Nxe5 Nd7 6. Nxd7 Bxd7 7. O-O Bd6 8. c4 c6 9. Nc3 Nxc3 10. bxc3 O-O
11. cxd5
1-0

[Event "Run Silent, Run Deep"]
[Site "SchemingMind.com"]
[Date "2008.10.20"]
[Round "-"]
[White "Mihir Naniwadekar"]
[Black "simon_w"]
[Result "0-1"]
[WhiteCountry "ENG"]
[BlackCountry "IRL"]
[WhiteElo "1744"]
[WhiteRD "72"]
[BlackElo "1900"]
[BlackRD "71"]
[GameID "175435"]

1. c4 Nf6 2. Nf3 g6 3. Nc3 Bg7 4. d4 O-O 5. e4 d6 6. Be2 e5 7. O-O Nc6 8. d5 Ne7 9. b4 Nh5 10. Re1 a5
11. b5 Bd7 12. Ng5 Nf4 13. g3 Nxe2+ 14. Qxe2 c6
0-1

[Event "Run Silent, Run Deep"]
[Site "SchemingMind.com"]
[Date "2008.10.27"]
[Round "-"]
[White "sthorwall"]
[Black "Harold"]
[Result "1/2-1/2"]
[WhiteCountry "USA"]
[BlackCountry "GBR"]
[WhiteElo "1720"]
[WhiteRD "62"]
[BlackElo "1593"]
[BlackRD "85"]
[GameID "176193"]

1. d4 d5 2. c4 e6 3. Nf3 Nf6 4. Nc3 c6 5. e3 Be7 6. Bd3 O-O 7. O-O dxc4 8. Bxc4 b5 9. Bd3 b4 10. Ne2 Bb7
11. e4 Nbd7 12. Qc2 c5 13. e5 Nd5 14. Bxh7+ Kh8 15. Be4 Rc8 16. Qd3 c4 17. Qc2 N7b6 18. Bd2 Ba6 19. Bxd5 c3 20. Bxe6 cxd2
21. Bxc8 Bxe2 22. Qxd2 Bxf1 23. Rxf1 Qxc8 24. Qd3 Qe6 25. a4 Nxa4 26. Ra1 Nxb2 27. Qb1 Qb3 28. Rxa7 Re8 29. h4 Qd1+ 30. Qxd1 Nxd1
31. d5 Bc5 32. Rxf7 Bxf2+ 33. Kf1 Bg3 34. Ke2 Nc3+ 35. Kd3 Nxd5 36. Kc4 Ne3+ 37. Kxb4 Nxg2 38. Rf5 g6 39. Rg5 Nxh4 40. Rxg3 Nxf3=
41. Rxf3 Rxe5 42. Kc4 Rf5 43. Rxf5 gxf5 44. Kd4 Kg7 45. Ke5 Kg6 46. Kf4 Kf6 47. Ke3 Ke5 48. Kf3= f4 49. Ke2 Ke4=
1/2-1/2

[Event "Run Silent, Run Deep"]
[Site "SchemingMind.com"]
[Date "2008.10.29"]
[Round "-"]
[White "Harold"]
[Black "sthorwall"]
[Result "0-1"]
[WhiteCountry "GBR"]
[BlackCountry "USA"]
[WhiteElo "1613"]
[WhiteRD "101"]
[BlackElo "1739"]
[BlackRD "60"]
[GameID "176203"]

1. e4 e5 2. f4 d5 3. exd5 e4 4. d3 Nf6 5. dxe4 Nxe4 6. Nf3 Bc5 7. Qe2 Bf5 8. Nc3 Qe7 9. Be3 Nd7 10. O-O-O Nxc3
11. bxc3 Qxe3+ 12. Qxe3+ Bxe3+ 13. Kb2 O-O-O 14. g3 Be4 15. Be2 Nb6 16. c4 Na4+ 17. Kb3 Nc5+ 18. Kc3 Rd6 19. Ng5 Bxh1 20. Nxf7 Ne4+
21. Kd3 Nf2+ 22. Kxe3 Nxd1+ 23. Bxd1 Re8+
0-1

[Event "Run Silent, Run Deep"]
[Site "SchemingMind.com"]
[Date "2008.11.06"]
[Round "-"]
[White "Clive Everill"]
[Black "C. H. O'D. Schlechter"]
[Result "0-1"]
[WhiteCountry "CZE"]
[BlackCountry "USA"]
[WhiteElo "1644"]
[WhiteRD "50"]
[BlackElo "2425"]
[BlackRD "78"]
[GameID "177211"]

1. e4 e5 2. Nf3 Nc6 3. Bb5 Nd4 4. Nxd4 exd4 5. O-O Bc5 6. Bc4 d6 7. d3 Ne7 8. f4 O-O 9. f5 d5 10. Bb3 f6
11. Nd2 Kh8 12. Kh1 a5 13. a3 a4 14. Ba2 Bd7 15. Nf3 dxe4 16. dxe4 Bb5 17. Re1 Qd6 18. g3 Rad8 19. Bf4 Qb6 20. Qc1 Nc8
21. b4 axb3 22. cxb3 Bd6 23. Bxd6 Nxd6 24. Qf4 Bc6 25. b4 d3 26. Bd5 Bxd5 27. exd5 Qb5 28. Rac1 Qxd5 29. Kg1 Rfe8 30. Rxe8+ Rxe8
31. Rxc7 d2 32. Nxd2 Re2 33. Ne4 Qd1+ 34. Qf1 Re1 35. Nxd6 Rxf1+ 36. Kg2 Rg1+ 37. Kf2 Qd4+ 38. Ke2 Rg2+ 39. Kf3 Rf2#
0-1